[Event "Titograd"]
[Site "Titograd"]
[Date "1984.??.??"]
[Round "?"]
[White "Csom, Istvan"]
[Black "Djuric, Stefan"]
[Result "1-0"]
[WhiteElo "2505"]
[BlackElo "2500"]

1.Nf3 c5 2.c4 Nc6 3.g3 g6 4.d4 cxd4 5.Nxd4 Bg7 6.Nc2 d6 7.Bg2 Be6 8.Ne3 Qd7
9.Nd2 Nf6 10.O-O O-O 11.Nd5 Bh3 12.Nf3 Rfc8 13.Bxh3 Qxh3 14.Bg5 Nxd5 15.cxd5 Ne5
16.Nxe5 Bxe5 17.Qd2 Rc4 18.Rac1 Rd4 19.Qe3 Rxd5 20.Qb3 Rd4 21.Qxb7 Re8 22.b3 d5
23.Qb5 Kf8 24.Rfd1 h6 25.Rxd4 Bxd4 26.Bd2 Rd8 27.Be1 Qe6 28.Qd3 Bb6 29.a4 a5
30.Qb5 Rd6 31.b4 h5 32.bxa5 Ba7 33.Qd3 h4 34.Rc7 Bb8 35.Rb7 Rd8 36.a6 Be5
37.a7 Qc6 38.Qb5 Qc1 39.Qb1 Qxb1 40.Rxb1 h3 41.f4 Bd6 42.Bb4 Ra8 43.Bxd6 Rxa7
44.Bc5 Rxa4 45.Kf2 f6 46.Rb7  1-0

[Event "Titograd"]
[Site "Titograd"]
[Date "1984.??.??"]
[Round "?"]
[White "Cebalo, Miso"]
[Black "Ivanovic, Bozidar"]
[Result "0-1"]
[WhiteElo "2485"]
[BlackElo "2525"]

1.d4 Nf6 2.c4 g6 3.Nc3 Bg7 4.e4 O-O 5.Bg5 c6 6.Nf3 d5 7.cxd5 cxd5 8.Bxf6 exf6
9.exd5 Nd7 10.Be2 Nb6 11.Qb3 Bg4 12.O-O f5 13.Rad1 Qd6 14.h3 Bh5 15.Rfe1 Rad8
16.Ne5 Bxe2 17.Rxe2 Nxd5 18.Qxb7 Nxc3 19.bxc3 Bxe5 20.Rxe5 Qxe5 21.dxe5 Rxd1+
22.Kh2 Re1 23.Qxa7 Rd8 24.g3 Rxe5 25.Qc7 Ree8 26.a4 Ra8 27.Qc6 Rec8 28.Qb7 Rcb8
29.Qc7 Rb2 30.Qc6 Ra5 31.Qd7 Rb8 32.h4 h5 33.Kg2 Rba8 34.c4 Rxa4 35.c5 R4a7
36.Qc6 Rb8 37.Kf3 Raa8 38.Kf4 Rc8 39.Qf6 Rc7 40.Kg5 Kh7 41.Qd6 Rac8 42.Qf6 Re8
43.Qd6 Ra7 44.Qb6 Rae7 45.Qf6 Ra7 46.Qb6 Ree7 47.f3 Reb7 48.Qd6 Rd7 49.Qb8 Rac7
50.Qb6 Rc8 51.Kf6 Rdc7 52.Qb3 Re8 53.Kg5 Re5 54.Qb6 Rexc5 55.Qb2 R5c6 56.Kf4 Re6
57.Qb3 Rec6 58.Qd5 Rc4+ 59.Ke5 f4  0-1

[Event "Titograd"]
[Site "Titograd"]
[Date "1984.??.??"]
[Round "?"]
[White "Cebalo, Miso"]
[Black "Popovic, Petar"]
[Result "1/2-1/2"]
[WhiteElo "2485"]
[BlackElo "2515"]

1.d4 Nf6 2.c4 e6 3.Nc3 Bb4 4.e3 O-O 5.Bd3 d5 6.Ne2 c5 7.O-O dxc4 8.Bxc4 Nc6
9.a3 Bxc3 10.bxc3 e5 11.Ba2 cxd4 12.cxd4 exd4 13.Nxd4 Nxd4 14.Qxd4 Qxd4 15.exd4 Be6
16.Bxe6 fxe6 17.Re1 Kf7 18.Bf4  1/2-1/2

[Event "Titograd"]
[Site "Titograd"]
[Date "1984.??.??"]
[Round "?"]
[White "Cebalo, Miso"]
[Black "Tal, Mihail"]
[Result "1/2-1/2"]
[WhiteElo "2485"]
[BlackElo "2620"]

1.d4 Nf6 2.c4 e6 3.Nc3 Bb4 4.e3 O-O 5.Bd3 d5 6.Ne2 c5 7.cxd5 cxd4 8.exd4 Nxd5
9.O-O Nc6 10.Bc2 Bd6 11.Ne4  1/2-1/2

[Event "Titograd"]
[Site "Titograd"]
[Date "1984.??.??"]
[Round "?"]
[White "Csom, Istvan"]
[Black "Ivanovic, Bozidar"]
[Result "0-1"]
[WhiteElo "2505"]
[BlackElo "2525"]

1.Nf3 d6 2.d4 Nd7 3.c4 Ngf6 4.Nc3 e5 5.g3 c6 6.e4 Be7 7.Bg2 O-O 8.O-O Re8
9.h3 a6 10.a3 Qc7 11.Be3 b5 12.cxb5 axb5 13.Qc2 Qb8 14.Rfd1 Bf8 15.b3 Bb7
16.Nd2 exd4 17.Bxd4 Ne5 18.f4 Ned7 19.Bf2 Ra6 20.a4 b4 21.Ne2 c5 22.g4 d5
23.e5 d4 24.Qd3 Bxg2 25.Kxg2 Qa8+ 26.Qf3 Nd5 27.Nc4 f6 28.Bg3 N7b6 29.Nxb6 Ne3+
30.Kf2 Nxd1+ 31.Rxd1 Rxb6 32.Qxa8 Rxa8 33.Kf3 c4 34.Nxd4 Bc5 35.Bf2 fxe5
36.fxe5 cxb3 37.Ke4 Rxa4 38.Rb1 Ra2 39.Kd5 Bxd4 40.Bxd4 Rb8 41.Rxb3  0-1

[Event "Titograd"]
[Site "Titograd"]
[Date "1984.??.??"]
[Round "?"]
[White "Djuric, Stefan"]
[Black "Taimanov, Mark E"]
[Result "1/2-1/2"]
[WhiteElo "2500"]
[BlackElo "2515"]

1.d4 Nf6 2.Nf3 e6 3.g3 b5 4.Qd3 a6 5.a4 b4 6.e4 Bb7 7.e5 Ne4 8.Nbd2 d5 9.exd6 Nxd2
10.Bxd2 Bxd6 11.Bg2 Nd7 12.O-O Nf6 13.Rfe1 O-O 14.Bg5 a5 15.Ne5 Bxg2 16.Kxg2 Bxe5
17.Rxe5 h6 18.Bxf6 Qxf6 19.Qe4 Rfd8 20.Rd1 Qe7 21.Rd3 c6 22.Rc5 Rd6 23.c4 bxc3
24.bxc3 Qb7 25.c4 Rad8 26.Rxa5 Qb4 27.Rc5 Qxa4 28.h4 Qc2 29.Qe3 Qb2 30.Rb3 Qc2
31.Rd3 Qb2 32.Rb3 Qc2 33.Rd3 Qb2  1/2-1/2

[Event "Titograd"]
[Site "Titograd"]
[Date "1984.??.??"]
[Round "?"]
[White "Djuric, Stefan"]
[Black "Tal, Mihail"]
[Result "0-1"]
[WhiteElo "2500"]
[BlackElo "2620"]

1.c4 e5 2.Nc3 Nf6 3.g3 Bb4 4.Bg2 O-O 5.e4 Bxc3 6.dxc3 d6 7.Qe2 b6 8.Nf3 Bb7
9.Nh4 Nbd7 10.O-O Nc5 11.Bg5 h6 12.Bxf6 Qxf6 13.f4 exf4 14.Rxf4 Qe5 15.Re1 Rae8
16.Qd2 g5 17.Rf5 Qg7 18.Rxc5 bxc5 19.Nf5 Qf6 20.Qc2 Re5 21.Qa4 Rfe8 22.g4 Qe6
23.Ng3 Qxg4 24.Qxa7 Qc8 25.Qa4 f5 26.Qd1 f4 27.Qh5 Qe6 28.Bh3 Qf7 29.Qxf7+ Kxf7
30.Nf5 h5 31.a4 g4 32.Bf1 Rxf5  0-1

[Event "Titograd"]
[Site "Titograd"]
[Date "1984.??.??"]
[Round "?"]
[White "Ivanovic, Bozidar"]
[Black "Djuric, Stefan"]
[Result "0-1"]
[WhiteElo "2525"]
[BlackElo "2500"]

1.e4 e5 2.Nf3 Nc6 3.Bc4 Nf6 4.d3 Bc5 5.Nc3 d6 6.Bg5 h6 7.Bxf6 Qxf6 8.Nd5 Qd8
9.c3 Ne7 10.d4 Nxd5 11.dxc5 Nf4 12.g3 Nh3 13.cxd6 O-O 14.d7 Bxd7 15.Nxe5 Qe7
16.f4 Rad8 17.Qe2 Be6 18.Bxe6 Qxe6 19.b3 f6 20.Nf3 Rfe8 21.Nd2 Qc6 22.Qc4+ Qxc4
23.bxc4 Nf2 24.Kxf2 Rxd2+ 25.Ke3 Red8 26.Kf3 R8d3+ 27.Kg4 Rxc3 28.Rhc1 Ra3
29.Rab1 b6 30.c5 Rdxa2 31.e5 fxe5 32.cxb6 cxb6 33.fxe5 Re2 34.Rb5 Ree3 35.Kf5 Rxg3
36.Rd5 Raf3+ 37.Ke6 Rg6+ 38.Kd7 Rf7+ 39.Kd8 Re6 40.Rc7 Rf8+ 41.Kd7 Rfe8 42.Rc8 Re7+
43.Kd6 Rxe5  0-1

[Event "Titograd"]
[Site "Titograd"]
[Date "1984.??.??"]
[Round "?"]
[White "Ivanovic, Bozidar"]
[Black "Popovic, Petar"]
[Result "0-1"]
[WhiteElo "2525"]
[BlackElo "2515"]

1.e4 c5 2.Nf3 d6 3.d4 cxd4 4.Nxd4 Nf6 5.Nc3 Nc6 6.Bc4 e6 7.Be3 Qc7 8.Qe2 a6
9.O-O-O Na5 10.Bd3 b5 11.a3 Bd7 12.Bg5 Be7 13.f4 Rc8 14.Nf3 Nc4 15.Bxc4 Qxc4
16.Rd3 h6 17.Bh4 a5 18.Nd2 Qc7 19.Nb3 b4 20.e5 dxe5 21.fxe5 Ng8 22.axb4 axb4
23.Bxe7 Nxe7 24.Ne4 O-O 25.Nd6 Ra8 26.Rf1 Ba4 27.Nd4 Ng6 28.Rff3 Bc6 29.Rf2 Ra1+
30.Kd2 Ra5 31.Qf1 Bd5 32.Qe1 Bc4 33.Nxc4 Qxc4 34.b3 Qc5 35.Nf3 Ra2 36.Qb1 Qxf2+  0-1

[Event "Titograd"]
[Site "Titograd"]
[Date "1984.??.??"]
[Round "?"]
[White "Ivanovic, Bozidar"]
[Black "Tal, Mihail"]
[Result "1/2-1/2"]
[WhiteElo "2525"]
[BlackElo "2620"]

1.e4 c6 2.d4 d5 3.Nd2 dxe4 4.Nxe4 Nd7 5.Bc4 Ngf6 6.Ng5 e6 7.Qe2 Nb6 8.Bb3 h6
9.N5f3 a5 10.a3 a4 11.Ba2 c5 12.dxc5 Bxc5 13.Ne5 O-O 14.Ngf3 Nbd7 15.O-O Nxe5
16.Nxe5 Qd4 17.Bd2 b6 18.Bc3 Qe4 19.Qxe4 Nxe4 20.Bb4 Bb7 21.Bxc5 Nxc5 22.Rfd1  1/2-1/2

[Event "Titograd"]
[Site "Titograd"]
[Date "1984.??.??"]
[Round "?"]
[White "Ivanovic, Bozidar"]
[Black "Zapata, Alonso"]
[Result "0-1"]
[WhiteElo "2525"]
[BlackElo "2470"]

1.e4 c5 2.Nf3 e6 3.d4 cxd4 4.Nxd4 d6 5.Nc3 a6 6.Bd3 Nd7 7.O-O Ngf6 8.Kh1 Be7
9.f4 O-O 10.b3 Nc5 11.Qe2 Qc7 12.Bb2 b5 13.b4 Nxd3 14.cxd3 Bb7 15.Rf3 Rac8
16.Raf1 Qb6 17.Rg3 g6 18.Nd5 Nxd5 19.exd5 Bxd5 20.f5 e5 21.f6 Bd8 22.Qh5 Re8
23.Qh6 Bxf6 24.Rxf6 exd4 25.h4 Rc2 26.h5 Bxg2+ 27.Kh2 Bb7+ 28.Kg1 Re1+ 29.Rf1 Qc6  0-1

[Event "Titograd"]
[Site "Titograd"]
[Date "1984.??.??"]
[Round "?"]
[White "Kortschnoj, Viktor"]
[Black "Csom, Istvan"]
[Result "1-0"]
[WhiteElo "2635"]
[BlackElo "2505"]

1.Nf3 Nf6 2.c4 e6 3.Nc3 d5 4.d4 Nbd7 5.cxd5 exd5 6.Bf4 c6 7.e3 Nh5 8.Bg3 g6
9.Bd3 Nxg3 10.hxg3 Bg7 11.b4 a6 12.O-O O-O 13.a4 Nf6 14.a5 Nd7 15.Na4 Qe7
16.Rb1 Nf6 17.Nd2 Be6 18.Nc5 Rad8 19.Nxe6 Qxe6 20.Nb3 Rfe8 21.Nc5 Qc8 22.Qf3 Re7
23.Rfc1 Ne8 24.g4 h6 25.Qd1 Nd6 26.Rc2 Ne4 27.Rbc1 Qb8 28.Bxe4 dxe4 29.Na4 Bf8
30.Nb6 Ree8 31.Rc4 Qd6 32.Qe2 Qf6 33.g3 Qg5 34.Kg2 Re6 35.Na4 Rd7 36.Nc3 Re8
37.Rh1 Qf6 38.Rh4 g5 39.Rh1 Qe6 40.Na4 Rd5 41.Nc5 Qe7 42.Rcc1 Bg7 43.Rhf1 Rd6
44.Qc2 Bh8 45.Rcd1 Bg7 46.Rd2 Bh8 47.f3 exf3+ 48.Rxf3 Rf6 49.Rdf2 Rxf3 50.Rxf3 Bg7
51.Rf5 Rd8 52.Kf3 Bh8 53.Re5 Qc7 54.Rf5 Bg7 55.Kg2 Bf8 56.Qd3 Bd6 57.Rf6 Kg7
58.Rf3 Kg8 59.Qf5 Qe7 60.Qf6 Qxf6 61.Rxf6 Kg7 62.Rf1 Kg6 63.Kf3 f6 64.Rf2 Bxc5
65.bxc5 h5 66.gxh5+ Kxh5 67.g4+ Kg6 68.Ke4 Rh8 69.Kd3 Rh7 70.Rc2 Rh4 71.Rb2 Rh7
72.e4 Rd7 73.Rh2 Rd8 74.Rh1 Rc8 75.Rf1 Rd8 76.Rf5 Rh8 77.e5 fxe5 78.dxe5 Rd8+
79.Ke4 Rd5 80.Rf6+ Kg7 81.Rd6 Rxc5 82.Kf5 Rxa5 83.Rd7+ Kh6 84.Rxb7 Ra4 85.e6 Rf4+
86.Ke5 Kg6 87.Rb8  1-0

[Event "Titograd"]
[Site "Titograd"]
[Date "1984.??.??"]
[Round "?"]
[White "Marjanovic, Slavoljub"]
[Black "Cebalo, Miso"]
[Result "0-1"]
[WhiteElo "2525"]
[BlackElo "2485"]

1.e4 c5 2.Nf3 Nc6 3.d4 cxd4 4.Nxd4 g6 5.Nc3 Bg7 6.Be3 Nf6 7.Bc4 O-O 8.Bb3 a5
9.a4 Ng4 10.Nxc6 Nxe3 11.Nxd8 Nxd1 12.Nd5 Rxd8 13.Rxd1 Kf8 14.Nb6 Ra6 15.Nxc8 Rxc8
16.Rxd7 Rb6 17.h4 Bxb2 18.h5 Ke8 19.Rd3 Rb4 20.hxg6 hxg6 21.Kd2 Bf6 22.Rh7 e6
23.Rf3 Ke7 24.e5 Bg5+ 25.Kd3 Rd8+ 26.Kc3 Bf4 27.Kb2 Bxe5+ 28.c3 Rf4 29.Rxf4 Bxf4
30.g3 Bg5 31.Bc2 Rg8 32.Be4 b6 33.Kc2 Bf6 34.Bd3 Be5 35.Kd2 Kf6 36.Rh4 Bd6
37.Ke2 Bc5 38.Rh7 Rd8 39.f4 Bd6 40.Ke3 Rc8 41.c4 Rd8 42.Be4 Bc5+ 43.Ke2 Rd4
44.Bd3 Bd6 45.Ke3 Bc5 46.Ke2 e5 47.fxe5+ Ke6 48.Rh8 Kxe5 49.Re8+ Kf6 50.Re4 Rd8
51.Rf4+ Kg7 52.Be4 Re8 53.Kf3 f5 54.Bc6 Re3+ 55.Kg2 Kf6 56.Rf3 Re2+ 57.Kf1 Rc2
58.g4 Rxc4 59.gxf5 gxf5 60.Bd7 f4 61.Bb5 Rb4 62.Bc6 Be3 63.Ke2 Ke5 64.Rf1 Kd6
65.Be8 Kc5 66.Rd1 Rb2+ 67.Kf3 Bd2 68.Ke2 Bc1+ 69.Kd3 Be3 70.Ke4 Kc4 71.Bc6 Rb4
72.Kf3 Kc3 73.Ke2 Rb2+ 74.Kf3 Rc2 75.Bb5 Rh2 76.Bd7 Kc2 77.Rd6 Rh1 78.Ke2 Ra1
79.Bc6 Ra3 80.Rd1 Rc3 81.Bd5 Rc5 82.Be4+ Kc3 83.Ra1 b5 84.axb5 Rxb5 85.Kf3 Rc5
86.Bg6 Rg5 87.Be8 Rg3+ 88.Ke4 Rg5 89.Bc6 Rc5 90.Bd5 Rb5 91.Be6 Rb4+ 92.Kf3 Rb5
93.Ke4 Bd2 94.Ra3+ Kb4 95.Ra2 Be3 96.Bd7 Rc5 97.Ra1 Rc4+ 98.Kf3 Bd2 99.Ra2 Rd4
100.Be8 Rd3+ 101.Kg4 f3 102.Bg6 Rd6 103.Kxf3 Rxg6 104.Rxd2 Re6 105.Rd4+ Kb3
106.Rd8 a4 107.Rb8+ Ka2 108.Kf2 a3 109.Rb7 Ka1 110.Ra7 a2 111.Rb7 Rc6 112.Ke2 Rc1
113.Kd3 Rb1 114.Rc7 Kb2 115.Rb7+ Kc1 116.Rc7+ Kd1 117.Rh7 Rb3+ 118.Kc4 Rc3+
119.Kd4 Ra3  0-1

[Event "Titograd"]
[Site "Titograd"]
[Date "1984.??.??"]
[Round "?"]
[White "Popovic, Petar"]
[Black "Taimanov, Mark E"]
[Result "1/2-1/2"]
[WhiteElo "2515"]
[BlackElo "2515"]

1.c4 c5 2.Nf3 Nc6 3.d4 cxd4 4.Nxd4 a6 5.Nc3 e6 6.g3 Nge7 7.Nb3 d6 8.Bg2 Bd7
9.O-O Nc8 10.a4 Be7 11.f4 O-O 12.Kh1 Nb4 13.a5 b5 14.Be3 Qc7 15.Rf2 Rb8 16.Qd2 Rd8  1/2-1/2

[Event "Titograd"]
[Site "Titograd"]
[Date "1984.??.??"]
[Round "?"]
[White "Popovic, Petar"]
[Black "Zapata, Alonso"]
[Result "1/2-1/2"]
[WhiteElo "2515"]
[BlackElo "2470"]

1.e4 c5 2.Nf3 e6 3.d4 cxd4 4.Nxd4 d6 5.Nc3 a6 6.g3 Bd7 7.Bg2 Nc6 8.O-O Nge7
9.Nb3 Nc8 10.a4 Be7 11.f4 O-O 12.Kh1 Rb8 13.Qe2 Qc7 14.g4 Nb4 15.g5 Re8 16.Qf2 Bf8
17.f5 e5 18.Nd5 Nxd5 19.exd5 g6 20.Be4 Ne7 21.fxg6 fxg6 22.Be3 Bf5 23.Nd2 b5
24.axb5 axb5 25.Ra7 Rb7 26.Rfa1 Bg7 27.Qg2 Bc8 28.c3 Rf8 29.Qe2 Qd7 30.c4 Nf5
31.Rxb7 Bxb7 32.b3 Nd4 33.Qd3 bxc4 34.bxc4 Bc8 35.Rf1 Rxf1+ 36.Qxf1 Qg4 37.Qe1 Nf5
38.Bf3 Qh3 39.Bf2 h6 40.Qb1 hxg5 41.Qb8 Bf8 42.c5 Nh4 43.Bxh4 gxh4 44.cxd6 Bd7
45.Qd8 Bf5 46.d7 Bxd7 47.Qf6 Qf5 48.Qxh4 Qd3 49.Qf2 Bf5 50.Qe2 Qd4 51.Ne4 Kg7
52.Ng3 Bc5 53.Nxf5+ gxf5 54.Qd1 Qb4 55.Bg2 e4 56.Qf1 Qd4 57.d6 Kg6 58.Bh3 Qd5
59.Qg2+ Kf6 60.Qe2 Bxd6 61.Qh5 Bf8 62.Qh8+ Bg7 63.Qh4+ Kg6 64.Qg3+ Kf7 65.Qf4 Ke6
66.Bf1 Qd1 67.Kg2 Qc2+ 68.Qf2 Qc3 69.Be2 Bd4 70.Qg3 Qb2 71.Qg6+ Ke7 72.Qh7+ Kd6
73.Qh6+ Bf6 74.Kf1 Ke5 75.Qe3 Qb1+ 76.Kg2 Qc2 77.Kf1 f4 78.Qa3 Qb1+ 79.Kg2 Qc2
80.Kf1 Kd4 81.Qa7+ Qc5 82.Qa1+ Ke3 83.Qe1  1/2-1/2

[Event "Titograd"]
[Site "Titograd"]
[Date "1984.??.??"]
[Round "?"]
[White "Taimanov, Mark E"]
[Black "Cebalo, Miso"]
[Result "1/2-1/2"]
[WhiteElo "2515"]
[BlackElo "2485"]

1.Nf3 Nf6 2.c4 g6 3.Nc3 Bg7 4.e4 O-O 5.d4 c5 6.Be2 cxd4 7.Nxd4 Nc6 8.Be3 b6
9.O-O Bb7 10.Qd2 Rc8 11.f3 d6 12.Rfd1 Nd7 13.Nxc6 Bxc6 14.Rac1 a5 15.Nd5 Nc5
16.Rb1 a4 17.b4 axb3 18.axb3 Ra8 19.Bf1 Re8 20.b4 Nd7 21.Qf2 Rb8 22.Bd4 Bxd4
23.Qxd4 Nf8 24.e5 Bxd5 25.Qxd5 dxe5 26.Qxe5 Qc8 27.Ra1 Qb7 28.Bd3 Nd7 29.Qe3 Nf6
30.Bc2 Qc7  1/2-1/2

[Event "Titograd"]
[Site "Titograd"]
[Date "1984.??.??"]
[Round "?"]
[White "Taimanov, Mark E"]
[Black "Ivanovic, Bozidar"]
[Result "1/2-1/2"]
[WhiteElo "2515"]
[BlackElo "2525"]

1.Nf3 Nf6 2.d4 d6 3.b3 Nbd7 4.Bb2 g6 5.g3 Bg7 6.Bg2 c5 7.O-O O-O 8.c4 cxd4
9.Nxd4 Nc5 10.Nc3 Bd7 11.Qd2 Qc8 12.Rfd1 Bh3 13.Bh1 h5 14.Rac1 a5 15.Nd5 Nxd5
16.Bxd5 Qd7 17.Nb5 Bxb2 18.Qxb2 Be6 19.Qc3 Bxd5 20.Rxd5 f5 21.Rcd1 b6 22.Qf3 Rab8
23.Nc3 Kh7 24.R5d4 Ne6 25.Rh4 Ng7 26.Qe3 Qe6 27.Qd2 Qe5 28.Nd5 Rf7 29.Rd4 Ne6
30.Rd3 f4 31.gxf4 Nxf4 32.Nxf4 Qxf4 33.Qxf4 Rxf4 34.Re3 Rb7 35.Rd5 Rf5 36.Rxf5 gxf5
37.Re6 Kg7 38.Kg2 a4 39.Kg3 axb3 40.axb3 b5 41.Kf4 bxc4 42.bxc4 Rc7 43.Kxf5 Rc5+
44.Kf4 Rxc4+ 45.e4 Kf7 46.Rh6 Rc5  1/2-1/2

[Event "Titograd"]
[Site "Titograd"]
[Date "1984.??.??"]
[Round "?"]
[White "Taimanov, Mark E"]
[Black "Marjanovic, Slavoljub"]
[Result "1/2-1/2"]
[WhiteElo "2515"]
[BlackElo "2525"]

1.c4 e6 2.Nf3 Nf6 3.g3 d5 4.Bg2 dxc4 5.Qa4+ Nbd7 6.Qxc4 c5 7.O-O b6 8.b3 Bb7
9.Bb2 a6 10.d3 Be7 11.Nbd2 O-O 12.Rad1 b5 13.Qc1 Rc8 14.Qa1 Qb6 15.Ne5 Bxg2
16.Kxg2 Nxe5 17.Bxe5 Rfd8 18.Nf3 Ne8 19.Bc3 Bf6 20.Rc1 Rd7  1/2-1/2

[Event "Titograd"]
[Site "Titograd"]
[Date "1984.??.??"]
[Round "?"]
[White "Tal, Mihail"]
[Black "Taimanov, Mark E"]
[Result "1/2-1/2"]
[WhiteElo "2620"]
[BlackElo "2515"]

1.d4 Nf6 2.Nf3 d5 3.c4 e6 4.Nc3 Be7 5.Bg5 h6 6.Bh4 O-O 7.e3 Ne4 8.Bxe7 Qxe7
9.Rc1 Rd8 10.Qc2 Nxc3 11.Qxc3 c6 12.a3 b6 13.Bd3 dxc4 14.Bxc4 Bb7 15.O-O Nd7
16.Be2 c5 17.dxc5 Nxc5 18.Rfd1 Rxd1+  1/2-1/2

[Event "Titograd"]
[Site "Titograd"]
[Date "1984.??.??"]
[Round "?"]
[White "Velimirovic, Dragoljub"]
[Black "Kortschnoj, Viktor"]
[Result "1/2-1/2"]
[WhiteElo "2500"]
[BlackElo "2635"]

1.e4 c6 2.d4 d5 3.exd5 cxd5 4.c4 Nf6 5.Nc3 e6 6.Nf3 Bb4 7.cxd5 Nxd5 8.Qc2 Nc6
9.Bd3 Ba5 10.O-O Ndb4 11.Qe2 Nxd3 12.Qxd3 h6 13.Bf4 O-O 14.Rfd1 Nb4 15.Qc4 Nd5
16.Nxd5 exd5 17.Qd3 Bg4 18.Rdc1 Be6 19.Ne5 Bb6 20.h3 Qh4 21.Qd2 Rac8 22.Nf3 Qh5
23.Rxc8 Rxc8 24.Rc1 Qg6 25.Rxc8+ Bxc8 26.Kh2 Qb1 27.a3 Bf5 28.Bd6 Qd3 29.Qf4 Qe4
30.Qe3 f6 31.g4 Bd7 32.Kg2 h5 33.gxh5 Qf5 34.Ng1 Qxh5 35.Bc5 Bc7 36.Bxa7 Qg6+
37.Kh1 Bf5 38.Bc5 Be4+ 39.f3 Bd3 40.Qe6+ Kh7 41.Qg4 Qe8 42.Qh4+ Kg8 43.Qf2 Bf4
44.Bb4 Qe3 45.Kg2 g5 46.Be1 Bc4 47.h4 Qxf2+ 48.Kxf2 gxh4 49.Ne2 Bxe2 50.Kxe2 h3
51.Kf2 Kf7 52.a4 Be3+ 53.Kg3 Bxd4 54.b4 Be3 55.a5 d4 56.b5 d3 57.a6 bxa6
58.bxa6 Ke6 59.Kxh3 f5 60.Bd2 Bf2 61.Kg2 Ba7 62.Kg3  1/2-1/2

[Event "Titograd"]
[Site "Titograd"]
[Date "1984.??.??"]
[Round "?"]
[White "Zapata, Alonso"]
[Black "Cebalo, Miso"]
[Result "0-1"]
[WhiteElo "2470"]
[BlackElo "2485"]

1.e4 c5 2.Nf3 d6 3.d4 cxd4 4.Nxd4 Nf6 5.Nc3 e6 6.Be2 Be7 7.O-O Nc6 8.Be3 O-O
9.f4 e5 10.fxe5 dxe5 11.Nf5 Bxf5 12.Rxf5 g6 13.Rf1 Nd4 14.Kh1 Rc8 15.Bd3 Kg7
16.g4 h6 17.Rg1 Rh8 18.Rg2 Qd7 19.Bg1 a6 20.a4 Rhd8 21.Be3 Rh8 22.Qg1 h5
23.gxh5 Rxh5 24.Rf1 Rch8 25.Bc4 b5 26.axb5 axb5 27.Ba2 b4 28.Nd5 b3 29.Nxf6 Bxf6
30.cxb3 Qb7 31.Bb1 Qxb3 32.Qf2 Bh4 33.Qd2 Rd8 34.Qc3 Qb7 35.Ba2 Qxe4 36.Bxf7 Bg3
37.Bh6+ Rxh6 38.Qxg3 Nf5 39.Qg5 Rdh8 40.Kg1 Qe3+ 41.Qxe3 Nxe3  0-1

[Event "Titograd"]
[Site "Titograd"]
[Date "1984.??.??"]
[Round "?"]
[White "Zapata, Alonso"]
[Black "Csom, Istvan"]
[Result "1-0"]
[WhiteElo "2470"]
[BlackElo "2505"]

1.e4 c5 2.Nf3 d6 3.d4 cxd4 4.Nxd4 Nf6 5.Nc3 Nc6 6.Nb3 e6 7.f4 Be7 8.Bd3 a6
9.O-O Qc7 10.Bd2 b5 11.Qe2 Rb8 12.Rae1 b4 13.Nd1 e5 14.Kh1 exf4 15.Rxf4 a5
16.Ne3 O-O 17.c3 Ne5 18.cxb4 axb4 19.Nd5 Nxd5 20.exd5 Qa7 21.Bb1 Ba6 22.Qe4 g6
23.Bxb4 Bc4 24.Bc3 Qa8 25.Qd4 Bxd5 26.Rxe5 Bxg2+ 27.Kg1 Bd8 28.Rb5  1-0

[Event "Titograd"]
[Site "Titograd"]
[Date "1984.??.??"]
[Round "?"]
[White "Cebalo, Miso"]
[Black "Djuric, Stefan"]
[Result "0-1"]
[WhiteElo "2485"]
[BlackElo "2500"]

1.d4 Nf6 2.c4 e6 3.Nc3 Bb4 4.e3 O-O 5.Bd3 d5 6.Ne2 b6 7.cxd5 exd5 8.a3 Bd6
9.b4 Re8 10.Qb3 a6 11.b5 axb5 12.Nxb5 Bf8 13.Nbc3 Nc6 14.O-O Na5 15.Qc2 Ba6
16.a4 Bxd3 17.Qxd3 Nb3 18.Rb1 Nxc1 19.Rfxc1 Bd6 20.g3 g6 21.Rb5 c6 22.Rb3 h5
23.Kg2 h4 24.Nf4 Kg7 25.Nce2 hxg3 26.hxg3 Rh8 27.Rxc6 g5 28.Rbxb6 Ne4 29.Ne6+ fxe6
30.Rb7+ Kg8 31.f3 Qf6 32.fxe4 Qh6 33.Rb1 Qh3+ 34.Kf3 g4+  0-1

[Event "Titograd"]
[Site "Titograd"]
[Date "1984.??.??"]
[Round "?"]
[White "Cebalo, Miso"]
[Black "Csom, Istvan"]
[Result "1/2-1/2"]
[WhiteElo "2485"]
[BlackElo "2505"]

1.d4 Nf6 2.c4 e6 3.Nc3 Bb4 4.e3 b6 5.Ne2 Ba6 6.Qa4 c5 7.a3 Bxc3+ 8.Nxc3 O-O
9.dxc5 bxc5 10.Be2 Bb7 11.O-O Qe7 12.b4 Rc8 13.Bb2 d6 14.Rfd1 Nbd7 15.Rac1 Ne8
16.b5 a6 17.Qc2 axb5 18.Nxb5 Nb6 19.Rb1 Na4 20.Ba1 Bc6 21.e4 e5 22.Rb3 Rab8
23.f3 Nc7 24.Nxc7 Qxc7 25.Qd2 Nb6 26.Rdb1 Nd7 27.Bc3  1/2-1/2